000 01143nkm a2200265 i 4500
001 3060
003 ES-MaACL
005 20250713062543.0
007 khrbo
008 041112s1982 sp --- g |001||spa d
100 0 _aAlfonso,
_d1902-1990
_919858
245 1 0 _aPresentación del libro "Esquejes de aliento" de Isabel Lobera [
_hFotografía] /
_cAlfonso (sello).
260 _a[S.l. :
_bs.n.],
_c1982.
300 _a5 fot. :
_bb. y n. ;
_c12 x 18 cm.
500 _aDatos basados en invitación.
511 0 _aIntervienen: Isabel Lobera, Carlos Álvarez.
518 _aActo organizado por la Sección de Literatura del Ateneo de Madrid, celebrado en la sala de conferencias el viernes 26 de marzo de 1982, a las 20:00 h.
600 1 4 _aLobera, Isabel.
_973006
600 1 7 _aÁlvarez, Carlos,
_d1933-2022
_2
_9142520
610 2 4 _aAteneo de Madrid-
_xActos culturales-
_y1982-
_vFotografías.
_91894
710 2 _aAteneo de Madrid.
_bSección de Literatura.
_91997
852 _aES-MaACL
_jFOT 4/1982
856 4 _uhttp://www.ateneodemadrid.net/biblioteca_digital/imagenes/1982/0004-1982.jpg
_zVer imagen
999 _c3060
_d3060